Alabanza de la ley. Los orígenes de la filosofía del derecho y los griegos.

Enregistré dans:
Détails bibliographiques
Auteur principal: Jaeger, Werner (autor)
Autres auteurs: Truyol y Serra, Antonio (traducción)
Format: Livre
Langue:anglais
Publié: Madrid, España: Instituto de Estudios Políticos, 1953.
Collection:Colección Civitas.
Sujets:
Tags: Ajouter un tag
Pas de tags, Soyez le premier à ajouter un tag!

MARC

LEADER 00000nam a22000007a 4500
003 CL-VaPUC
005 20220822114700.0
008 220720t1953 ||||| |||| 00| 0 eng d
999 |c 437352  |d 437350 
040 |c Pontificia Universidad Católica de Valparaíso 
082 0 4 |a 340.1 JAE 1953   |2 21 
100 |a Jaeger, Werner  |e autor  |9 584872 
245 1 0 |a Alabanza de la ley.  |b Los orígenes de la filosofía del derecho y los griegos.  
260 |a Madrid, España:   |b Instituto de Estudios Políticos,   |c 1953. 
300 |a 91 páginas.  
490 0 |a Colección Civitas. 
500 |a c.1 Donación Familia Prof. Alejandro Guzmán Brito. 
583 |a last modification  |c 19891030 00:00:00  |k Yessy Sthefany Diaz Vidal 
650 0 |a Filosofía del derecho   |9 255050 
650 0 |a Teoría del derecho  |9 255982 
650 0 |a Filosofía   |9 223554  |z Grecia  
700 |9 872969  |a Truyol y Serra, Antonio  |e traducción 
942 |c BK  |2 ddc  |n 0 
952 |0 0  |1 0  |2 ddc  |4 0  |6 340_100000000000000_JAE_1953  |7 0  |8 C_AGB  |9 585115  |a BIBDER  |b BIBDER  |d 2022-07-20  |e Donación   |i 5652897  |o 340.1 JAE 1953  |p 5652897  |r 2023-01-25  |t 1  |w 2022-07-20  |y BK_US  |k AGB